000
00218nam a22000977a 4500
999
_c
16265
_d
16265
003
OSt
008
200626b ||||| |||| 00| 0 eng d
100
_a
S. V. Khadilkar
_9
4659
245
_a
Engineering Drawing
942
_c
BK